[Event "XXI Dobczyce"]
[Site "Dobczyce "]
[Date "2013.??.??"]
[Round "1.1"]
[White "Norov, Artem"]
[Black "Khamitskiy, Sergei"]
[Result "0-1"]
[WhiteElo "1724"]
[BlackElo "2278"]
[PlyCount "112"]
[EventDate "2013.??.??"]

1. d4 Nf6 2. c4 c5 3. dxc5 e6 4. Nf3 Bxc5 5. e3 Nc6 6. Nc3 O-O 7. Bd3 d5 8.
cxd5 exd5 9. O-O a6 10. h3 Re8 11. a3 Be6 12. b4 Ba7 13. Bb2 Rc8 14. Ne2 Ne4
15. Nfd4 Ne5 16. Nxe6 Rxe6 17. Bxe4 dxe4 18. Nd4 Rd6 19. Qh5 Nd3 20. Rab1 Nxb2
21. Rxb2 Bxd4 22. exd4 Rxd4 23. Re2 g6 24. Qe5 Rcc4 25. Rfe1 f5 26. Qe6+ Kg7
27. g4 Qf6 28. gxf5 Qxe6 29. fxe6 Kf6 30. f3 Kxe6 31. Kf2 Kf5 32. fxe4+ Rxe4
33. Rxe4 Rxe4 34. Rc1 Rf4+ 35. Kg2 Ke6 36. Kg3 Rd4 37. Rc3 h5 38. Kf2 g5 39.
Rc5 Rd5 40. Rc7 Rd2+ 41. Kg1 Rd3 42. Rc5 Kf6 43. h4 gxh4 44. Rxh5 Rxa3 45. Rh6+
Ke5 46. b5 a5 47. Kg2 Rd3 48. b6 Kd5 49. Rxh4 Kc6 50. Rh6+ Rd6 51. Rh5 Kxb6 52.
Kg3 a4 53. Kf4 Ka6 54. Ke5 Rd8 55. Rh6+ Ka5 56. Rh3 b5 0-1

[Event "XXI Dobczyce"]
[Site "Dobczyce "]
[Date "2013.??.??"]
[Round "1.2"]
[White "Barski, Radoslaw"]
[Black "Tracz, Marcelina"]
[Result "1-0"]
[WhiteElo "2247"]
[BlackElo "1709"]
[PlyCount "119"]
[EventDate "2013.??.??"]

1. e4 e5 2. Nf3 Nc6 3. Bb5 a6 4. Ba4 Nf6 5. O-O Be7 6. Re1 b5 7. Bb3 d6 8. c3
Na5 9. Bc2 c5 10. h3 O-O 11. d4 Qc7 12. d5 Nc4 13. b3 Nb6 14. Nbd2 c4 15. Nf1
a5 16. Ne3 cxb3 17. axb3 g6 18. Bd2 Bd7 19. g4 a4 20. b4 Nc4 21. Nxc4 Qxc4 22.
Re3 Bd8 23. Bd3 Qc8 24. Nh2 Ne8 25. Rf3 Ng7 26. Qe2 Rb8 27. c4 bxc4 28. Bxc4 h5
29. Rfa3 Bb6 30. Rc1 Qe8 31. g5 f5 32. gxf6 Rxf6 33. Rf3 Qf7 34. Kg2 Rf8 35.
Rcc3 Bd4 36. Rcd3 Ra8 37. Bg5 Rxf3 38. Nxf3 Bb6 39. Bc1 Qe8 40. Ra3 Rb8 41. Bd2
Qc8 42. Ng5 Bd8 43. b5 Bxg5 44. Bxg5 Qc5 45. Rxa4 Bxb5 46. Bxb5 Qxb5 47. Qxb5
Rxb5 48. Ra8+ Kf7 49. Ra7+ Kg8 50. f3 Rb6 51. Bh6 Ne8 52. Re7 Rb8 53. Kg3 g5
54. Bxg5 Kf8 55. Rd7 Rb6 56. Kh4 Rb3 57. Bh6+ Kg8 58. Re7 Nf6 59. Rg7+ Kh8 60.
Rf7 1-0

[Event "XXI Dobczyce"]
[Site "Dobczyce "]
[Date "2013.??.??"]
[Round "1.3"]
[White "Kuta, Krzysztof"]
[Black "Watorek, Marcin"]
[Result "0-1"]
[WhiteElo "1695"]
[BlackElo "2122"]
[PlyCount "72"]
[EventDate "2013.??.??"]

1. c4 Nf6 2. Nc3 e6 3. e4 c5 4. e5 Ng8 5. Nf3 Nc6 6. Bd3 d6 7. Be4 Nxe5 8. Nxe5
dxe5 9. Qf3 Rb8 10. Nb5 a6 11. Nc3 f5 12. Bc2 Nf6 13. O-O Bd6 14. d3 O-O 15.
Bg5 Bd7 16. Qh3 Qc7 17. Rae1 b5 18. Bb3 b4 19. Ne2 Bc6 20. f4 e4 21. Bxf6 Rxf6
22. Bc2 exd3 23. Bxd3 Rg6 24. Rf2 Rg4 25. Qe3 Re8 26. h3 Rh4 27. Qg3 Rh6 28.
Qe3 e5 29. Bxf5 exf4 30. Qd2 Qf7 31. Bg4 Qxc4 32. b3 Qf7 33. Nc1 c4 34. bxc4
Bc5 35. Rxe8+ Qxe8 36. Nd3 Rd6 0-1

[Event "XXI Dobczyce"]
[Site "Dobczyce "]
[Date "2013.??.??"]
[Round "1.4"]
[White "Bus, Konrad"]
[Black "Goralczyk, Krystian"]
[Result "1-0"]
[WhiteElo "2070"]
[BlackElo "1618"]
[PlyCount "85"]
[EventDate "2013.??.??"]

1. Nf3 c6 2. d4 d5 3. c4 Nf6 4. Qb3 Nbd7 5. g3 dxc4 6. Qxc4 Nb6 7. Qd3 g6 8.
Nc3 Bg7 9. Bg2 O-O 10. O-O Nbd5 11. e4 Nb6 12. Rd1 Bg4 13. Bf4 e6 14. h3 Bxf3
15. Qxf3 Re8 16. g4 h6 17. a4 g5 18. Bg3 a5 19. Rac1 Qe7 20. h4 Rad8 21. hxg5
hxg5 22. b3 Rd7 23. Ne2 Red8 24. Be5 Ne8 25. Bxg7 Kxg7 26. Qe3 Nc8 27. Rf1 Nc7
28. f4 gxf4 29. Nxf4 Ne8 30. Nh5+ Kh7 31. Rf3 Rxd4 32. Rh3 Rd1+ 33. Kh2 Kg8 34.
Rxd1 Rxd1 35. e5 f5 36. Qh6 fxg4 37. Qg6+ Kf8 38. Qxg4 Qd8 39. Qxe6 Rd3 40.
Qf5+ Kg8 41. Rxd3 Qh4+ 42. Rh3 Ne7 43. Qe6+ 1-0

[Event "XXI Dobczyce"]
[Site "Dobczyce "]
[Date "2013.??.??"]
[Round "1.5"]
[White "Tomaka, Marek"]
[Black "Slabek, Grzegorz"]
[Result "0-1"]
[WhiteElo "1617"]
[BlackElo "2056"]
[PlyCount "76"]
[EventDate "2013.??.??"]

1. e4 d5 2. exd5 Nf6 3. d4 Nxd5 4. c4 Nb6 5. Nc3 e5 6. dxe5 Qxd1+ 7. Nxd1 Nc6
8. Nf3 Be6 9. Ne3 Bc5 10. b3 a5 11. a4 Nd4 12. Rb1 O-O-O 13. Bd2 Nc6 14. Be2
Rd7 15. O-O Rhd8 16. Rfd1 h6 17. Bc3 g5 18. h3 Bb4 19. Bxb4 axb4 20. Ng4 Bf5
21. Rxd7 Nxd7 22. Rb2 Bxg4 23. hxg4 Ndxe5 24. Nxe5 Nxe5 25. g3 Rd4 26. Kg2 Nxg4
27. Bxg4+ Rxg4 28. Rd2 Re4 29. Rd5 c6 30. Rf5 Re7 31. Rf6 Rd7 32. Rf3 g4 33.
Re3 Rd2 34. c5 f5 35. Kf1 Rd5 36. Re6 Rxc5 37. Rxh6 Rc3 38. Rf6 Rxb3 0-1

[Event "XXI Dobczyce"]
[Site "Dobczyce "]
[Date "2013.??.??"]
[Round "1.6"]
[White "Zajac, Mateusz"]
[Black "Golenia, Jan"]
[Result "1-0"]
[WhiteElo "2035"]
[BlackElo "1502"]
[PlyCount "57"]
[EventDate "2013.??.??"]

1. Nf3 c5 2. e4 Nc6 3. Bb5 Qb6 4. Nc3 a6 5. Nd5 Qa5 6. Bxc6 dxc6 7. Nc3 Bg4 8.
h3 Bh5 9. d3 e6 10. Bf4 Nf6 11. O-O Be7 12. Qe2 h6 13. Qe3 g5 14. Bg3 g4 15.
Ne5 O-O-O 16. Nc4 Qb4 17. a3 Qxc4 18. dxc4 Nd7 19. hxg4 Bxg4 20. Qf4 e5 21.
Qxg4 f6 22. Rad1 Rhg8 23. Qh3 Rg6 24. Rd3 Kc7 25. Rfd1 Nb6 26. Rxd8 Bxd8 27.
Qe6 Rg7 28. Qd6+ Kc8 29. Qxd8# 1-0

[Event "XXI Dobczyce"]
[Site "Dobczyce "]
[Date "2013.??.??"]
[Round "2.1"]
[White "Khamitskiy, Sergei"]
[Black "Kuciel, Wladyslaw"]
[Result "1-0"]
[WhiteElo "2278"]
[BlackElo "1975"]
[PlyCount "63"]
[EventDate "2013.??.??"]

1. d4 Nf6 2. c4 e6 3. g3 Bb4+ 4. Nd2 c5 5. a3 Bxd2+ 6. Qxd2 cxd4 7. Nf3 b6 8.
Bg2 Bb7 9. Qxd4 Nc6 10. Qh4 Ne5 11. Nxe5 Bxg2 12. Rg1 Bb7 13. Bg5 Qc7 14. Bxf6
gxf6 15. Ng4 O-O-O 16. Qxf6 Qxc4 17. Ne5 Qd4 18. Rc1+ Bc6 19. Qf4 Qxb2 20. Nxc6
dxc6 21. Rxc6+ Kb7 22. Rc7+ Ka8 23. Kf1 Qxa3 24. Kg2 Qa2 25. Rgc1 Qd5+ 26. e4
e5 27. Qf3 Qd4 28. R1c4 Qa1 29. Qf6 Qa6 30. Qc6+ Kb8 31. Ra4 Rd6 32. Qxd6 1-0

[Event "XXI Dobczyce"]
[Site "Dobczyce "]
[Date "2013.??.??"]
[Round "2.2"]
[White "Kyc, Jerzy"]
[Black "Barski, Radoslaw"]
[Result "0-1"]
[WhiteElo "1951"]
[BlackElo "2247"]
[PlyCount "100"]
[EventDate "2013.??.??"]

1. e4 c5 2. Nf3 d6 3. d4 cxd4 4. Nxd4 Nf6 5. Nc3 a6 6. Bg5 e6 7. f4 h6 8. Bh4
Be7 9. Qf3 Qc7 10. O-O-O Nbd7 11. Bd3 b5 12. a3 Rb8 13. Bxf6 Nxf6 14. g4 Nd7
15. h4 b4 16. axb4 Rxb4 17. Nde2 Bb7 18. g5 Nc5 19. Rhg1 Qa5 20. b3 Kd8 21.
gxh6 gxh6 22. Rg7 Rf8 23. Bc4 Nxe4 24. Nxe4 Qa1+ 25. Kd2 Qxg7 26. c3 Rxc4 27.
bxc4 f5 28. Qg3 Qxg3 29. N4xg3 Bxh4 30. Ke3 Bxg3 31. Rxd6+ Kc7 32. Rxe6 Bh4 33.
Rxh6 Bf6 34. Rh5 Be4 35. Nd4 Rh8 36. Rxh8 Bxh8 37. Kd2 Kb6 38. Nb3 a5 39. Nd4
a4 40. Nb5 Kc5 41. Na3 Bg7 42. Nb5 Kxc4 43. Nd6+ Kb3 44. Nb5 Bc6 45. Nd6 Bxc3+
46. Kd3 Be4+ 47. Nxe4 fxe4+ 48. Kxe4 a3 49. f5 a2 50. f6 Bxf6 0-1

[Event "XXI Dobczyce"]
[Site "Dobczyce "]
[Date "2013.??.??"]
[Round "2.3"]
[White "Watorek, Marcin"]
[Black "Gromada, Andrzej"]
[Result "1-0"]
[WhiteElo "2122"]
[BlackElo "1871"]
[PlyCount "83"]
[EventDate "2013.??.??"]

1. d4 Nf6 2. c4 g6 3. Nc3 d5 4. cxd5 Nxd5 5. Bd2 Bg7 6. e4 Nxc3 7. Bxc3 O-O 8.
Nf3 e6 9. Bc4 c6 10. O-O Nd7 11. Qc2 b5 12. Be2 a6 13. Bb4 Bb7 14. Bxf8 Qxf8
15. a4 Rc8 16. Qd2 Bh6 17. Qc3 b4 18. Qd3 c5 19. Ne5 Nxe5 20. dxe5 c4 21. Qd4
c3 22. bxc3 bxc3 23. f4 c2 24. Qd2 Qc5+ 25. Kh1 Qxe5 26. Rac1 Bxe4 27. Bxa6 Rb8
28. Bb5 Qc7 29. Qe2 f5 30. Bd3 Bd5 31. Rxc2 Qd6 32. Qe3 Rb3 33. Rc8+ Kf7 34.
Qa7+ Rb7 35. Qf2 Rb4 36. Bb5 Rd4 37. Be8+ Ke7 38. Qh4+ g5 39. Qxh6 Bxg2+ 40.
Kg1 Qb6 41. Qg7+ Kd6 42. Qd7# 1-0

[Event "XXI Dobczyce"]
[Site "Dobczyce "]
[Date "2013.??.??"]
[Round "2.4"]
[White "Popiol, Michal"]
[Black "Bus, Konrad"]
[Result "1/2-1/2"]
[WhiteElo "1865"]
[BlackElo "2070"]
[PlyCount "22"]
[EventDate "2013.??.??"]

1. d4 d5 2. c4 c6 3. Nf3 Nf6 4. Nc3 a6 5. a4 g6 6. e3 Bg7 7. Bd3 O-O 8. O-O
Nbd7 9. cxd5 Nxd5 10. Nxd5 cxd5 11. Bd2 e5 1/2-1/2

[Event "XXI Dobczyce"]
[Site "Dobczyce "]
[Date "2013.??.??"]
[Round "2.5"]
[White "Slabek, Grzegorz"]
[Black "Sadzikowski, Marian"]
[Result "1-0"]
[WhiteElo "2056"]
[BlackElo "1868"]
[PlyCount "109"]
[EventDate "2013.??.??"]

1. Nf3 b6 2. d4 Bb7 3. g3 e6 4. Bg2 Nf6 5. O-O Be7 6. c4 O-O 7. Nc3 d5 8. Ne5
c6 9. e4 dxc4 10. Nxc4 Ba6 11. b3 b5 12. Ne3 b4 13. Ne2 Bxe2 14. Qxe2 Qxd4 15.
Bb2 Qb6 16. Nc4 Qb5 17. Bxf6 Bxf6 18. e5 Be7 19. Rfd1 a5 20. Rd3 a4 21. Rad1
axb3 22. axb3 Ra7 23. Qe4 Qc5 24. R3d2 Bg5 25. Rc2 Rd8 26. Nd6 Qb6 27. h4 Be7
28. Rcd2 Bxd6 29. Rxd6 Rad7 30. Kh2 Rxd6 31. exd6 Qc5 32. Qf4 e5 33. Qg5 Rd7
34. Qd2 h6 35. Bh3 Rd8 36. d7 Kf8 37. Kg1 Ke7 38. Qd3 g6 39. h5 g5 40. Qh7 Nxd7
41. Qxh6 Nf8 42. Qxg5+ f6 43. Qg7+ Ke8 44. Rxd8+ Kxd8 45. Qxf6+ Kc7 46. h6 Kb6
47. Bf5 Qc1+ 48. Kg2 Qc5 49. Qd8+ Ka7 50. h7 Nxh7 51. Bxh7 Qc3 52. Qd7+ Kb6 53.
Qd3 Kc5 54. g4 Qa1 55. Qc4+ 1-0

[Event "XXI Dobczyce"]
[Site "Dobczyce "]
[Date "2013.??.??"]
[Round "2.6"]
[White "Goralczyk, Piotr"]
[Black "Zajac, Mateusz"]
[Result "0-1"]
[WhiteElo "1740"]
[BlackElo "2035"]
[PlyCount "118"]
[EventDate "2013.??.??"]

1. d4 Nf6 2. c4 g6 3. Nf3 Bg7 4. Nc3 O-O 5. Bg5 d6 6. e3 c6 7. Be2 Nbd7 8. O-O
Qc7 9. Rc1 e5 10. Qb3 Re8 11. dxe5 dxe5 12. Nd2 Nc5 13. Qc2 Bf5 14. e4 Bc8 15.
Be3 Ne6 16. f3 Nd4 17. Qb1 Nh5 18. Rfd1 Nf4 19. Bf1 Qe7 20. Nb3 Nfe6 21. Rd2
Nxb3 22. axb3 Nd4 23. Qa2 Qb4 24. Rcd1 Be6 25. Bxd4 exd4 26. Ne2 c5 27. Nf4 Bh6
28. Nxe6 Be3+ 29. Kh1 Rxe6 30. Rd3 g5 31. Qa4 Qb6 32. Re1 Rd8 33. b4 Rc8 34.
bxc5 Qxb2 35. Re2 Qc1 36. Rd1 Ra6 37. Rxc1 Rxa4 38. Rb1 Rxc5 39. g3 b6 40. Reb2
Kg7 41. Kg2 Kf6 42. Bd3 Ra3 43. Rd1 Ke5 44. Kf1 h5 45. Ke2 h4 46. Rf1 Rca5 47.
Rfb1 Ra2 48. Bc2 Rxb2 49. Rxb2 Bg1 50. gxh4 gxh4 51. h3 Kf4 52. Rb1 Be3 53. Kd3
Kxf3 54. Rf1+ Bf2 55. Bd1+ Kg3 56. Bg4 Ra3+ 57. Kc2 Rc3+ 58. Kb2 Rxc4 59. Rd1
Rc5 0-1

[Event "XXI Dobczyce"]
[Site "Dobczyce "]
[Date "2013.??.??"]
[Round "3.1"]
[White "Zajac, Mateusz"]
[Black "Khamitskiy, Sergei"]
[Result "0-1"]
[WhiteElo "2035"]
[BlackElo "2278"]
[PlyCount "120"]
[EventDate "2013.??.??"]

1. d4 d5 2. c4 dxc4 3. e4 c5 4. Nf3 cxd4 5. Qxd4 Qxd4 6. Nxd4 Bd7 7. Bxc4 Nc6
8. Be3 a6 9. Nc3 e6 10. Nb3 Rc8 11. Be2 Nf6 12. O-O Bb4 13. Nc5 Na5 14. Nxd7
Nxd7 15. a3 Bc5 16. Bxc5 Nxc5 17. Rad1 Ncb3 18. Rd6 Ke7 19. Rfd1 Rhd8 20. e5
Rxd6 21. exd6+ Kd7 22. Bf3 Rc4 23. Ne4 h6 24. g4 b6 25. g5 Nd4 26. Kg2 hxg5 27.
Nxg5 f6 28. Ne4 Nac6 29. Ng3 Nxf3 30. Kxf3 Ne5+ 31. Kg2 Rc2 32. h3 Ng6 33. Rd4
e5 34. Rb4 Nf4+ 35. Kf3 b5 36. a4 Nxh3 37. axb5 axb5 38. Rxb5 Rxf2+ 39. Ke3 f5
40. Rb7+ Kxd6 41. Rxg7 Kd5 42. Nxf5 Rxf5 43. Rd7+ Ke6 44. Rh7 Ng5 45. Rh5 e4
46. b4 Rf3+ 47. Kd4 Rd3+ 48. Kc4 Kf5 49. b5 Rd1 50. b6 Rb1 51. Rh6 e3 52. Kd3
Rb3+ 53. Ke2 Ne4 54. Rh3 Nc3+ 55. Kd3 Nd5+ 56. Kc2 Rxb6 57. Rf3+ Ke4 58. Rf8
Nf4 59. Re8+ Re6 60. Ra8 e2 0-1

[Event "XXI Dobczyce"]
[Site "Dobczyce "]
[Date "2013.??.??"]
[Round "3.2"]
[White "Barski, Radoslaw"]
[Black "Watorek, Marcin"]
[Result "1-0"]
[WhiteElo "2247"]
[BlackElo "2122"]
[PlyCount "91"]
[EventDate "2013.??.??"]

1. e4 c5 2. Nf3 d6 3. d4 cxd4 4. Nxd4 Nf6 5. Nc3 Nc6 6. Bg5 Bd7 7. Qd2 Rc8 8.
O-O-O Nxd4 9. Qxd4 Qa5 10. Bd2 a6 11. Kb1 Qc5 12. Qxc5 Rxc5 13. f3 g6 14. Be3
Rc8 15. g4 Bg7 16. Be2 Bc6 17. a3 O-O 18. Na2 Nxg4 19. fxg4 Bxe4 20. Nb4 Bxh1
21. Rxh1 e6 22. c4 Rfd8 23. Bb6 Rd7 24. Rd1 f5 25. a4 Bf8 26. Nc2 Kf7 27. b4 e5
28. gxf5 gxf5 29. Ne3 Rc6 30. a5 f4 31. Nd5 f3 32. Bf1 Kg6 33. b5 axb5 34. cxb5
Rxb6 35. Nxb6 Rc7 36. Nd5 Rc8 37. Bd3+ Kg5 38. a6 bxa6 39. b6 Rb8 40. Rf1 Kg4
41. Be4 Bh6 42. Rxf3 Bd2 43. Kc2 Ba5 44. Rg3+ Kh4 45. Ne3 Rf8 46. b7 1-0

[Event "XXI Dobczyce"]
[Site "Dobczyce "]
[Date "2013.??.??"]
[Round "3.3"]
[White "Bus, Konrad"]
[Black "Slabek, Grzegorz"]
[Result "0-1"]
[WhiteElo "2070"]
[BlackElo "2056"]
[PlyCount "92"]
[EventDate "2013.??.??"]

1. e4 Nf6 2. Nc3 d5 3. exd5 Nxd5 4. Bc4 Nb6 5. Bb3 Nc6 6. Nf3 Bf5 7. O-O e6 8.
d3 Be7 9. Be3 Bg4 10. d4 O-O 11. h3 Bh5 12. d5 Nxd5 13. Nxd5 exd5 14. Qxd5 Qxd5
15. Bxd5 Rfd8 16. Rfd1 Bf6 17. Bxc6 bxc6 18. c3 Bxf3 19. gxf3 Rd5 20. Kf1 a5
21. Bf4 Ra7 22. Rxd5 cxd5 23. Re1 g5 24. Re8+ Kg7 25. Be5 a4 26. f4 gxf4 27.
Bxf4 Rb7 28. Ra8 Rxb2 29. Rxa4 c5 30. Be3 c4 31. Ra5 Bxc3 32. Rxd5 Rxa2 33. Rc5
Ra4 34. Ke2 Bf6 35. Kf3 c3 36. Ke2 Rh4 37. Bg5 Rxh3 38. Bxf6+ Kxf6 39. f3 c2
40. Ke3 Rh2 41. Kf4 Ke6 42. Kg3 Rd2 43. Kg4 h6 44. f4 Kd6 45. Rc8 h5+ 46. Kxh5
Rd5+ 0-1

[Event "XXI Dobczyce"]
[Site "Dobczyce "]
[Date "2013.??.??"]
[Round "3.4"]
[White "Bik, Maciej"]
[Black "Popiol, Michal"]
[Result "1/2-1/2"]
[WhiteElo "1789"]
[BlackElo "1865"]
[PlyCount "33"]
[EventDate "2013.??.??"]

1. d4 Nf6 2. c4 g6 3. Nc3 Bg7 4. e4 d6 5. Bd3 O-O 6. Nge2 Nc6 7. O-O e5 8. d5
Ne7 9. f4 exf4 10. Bxf4 Nd7 11. Qd2 Ne5 12. Ng3 Rb8 13. a3 c5 14. Be3 b6 15.
Rac1 Bd7 16. a4 a6 17. b3 1/2-1/2

[Event "XXI Dobczyce"]
[Site "Dobczyce "]
[Date "2013.??.??"]
[Round "3.5"]
[White "Kuciel, Wladyslaw"]
[Black "Chmiel, Marcin"]
[Result "1/2-1/2"]
[WhiteElo "1975"]
[BlackElo "2008"]
[PlyCount "113"]
[EventDate "2013.??.??"]

1. d4 Nf6 2. c4 c5 3. Nf3 cxd4 4. Nxd4 Nc6 5. Nc3 g6 6. e4 d6 7. Be2 Nxd4 8.
Qxd4 Bg7 9. O-O O-O 10. h3 a5 11. Be3 Ng4 12. Qd2 Nxe3 13. Qxe3 a4 14. Rac1 Be6
15. f4 Qa5 16. b3 axb3 17. axb3 Qc5 18. Qxc5 dxc5 19. f5 Bd4+ 20. Kh1 Bxc3 21.
Rxc3 Bd7 22. Bf3 f6 23. fxg6 hxg6 24. e5 Bc8 25. e6 Rd8 26. Bd5 Kg7 27. g4 Rd6
28. Re3 Raa6 29. Rfe1 Ra2 30. h4 Rda6 31. R1e2 Rxe2 32. Rxe2 Rd6 33. Kg2 b5 34.
Kf3 b4 35. g5 Ra6 36. Kg4 f5+ 37. Kf4 Ra3 38. Re3 Ra2 39. h5 Rh2 40. h6+ Kh7
41. Bf3 Rh4+ 42. Ke5 Rd4 43. Bc6 Rg4 44. Rd3 Rxg5 45. Rd7 Kxh6 46. Rxe7 Rg3 47.
Re8 Bxe6 48. Kf6 Kh5 49. Kxe6 Rxb3 50. Kd5 Kg4 51. Kxc5 Rb1 52. Rg8 g5 53. Bd7
b3 54. Rf8 Rf1 55. Rb8 Rf3 56. Ba4 f4 57. Bxb3 1/2-1/2

[Event "XXI Dobczyce"]
[Site "Dobczyce "]
[Date "2013.??.??"]
[Round "3.6"]
[White "Kuta, Krzysztof"]
[Black "Kyc, Jerzy"]
[Result "0-1"]
[WhiteElo "1695"]
[BlackElo "1951"]
[PlyCount "120"]
[EventDate "2013.??.??"]

1. c4 e5 2. Nc3 Nf6 3. e4 Bc5 4. h3 O-O 5. Nf3 Re8 6. d3 h6 7. Be2 c6 8. O-O d6
9. Be3 Nbd7 10. Qd2 Bxe3 11. fxe3 Nf8 12. Rf2 Ng6 13. Raf1 d5 14. exd5 cxd5 15.
cxd5 Nxd5 16. Nxd5 Qxd5 17. b3 Be6 18. Ne1 Rac8 19. Bf3 Qd7 20. Be4 Ne7 21. d4
exd4 22. Qxd4 Qxd4 23. exd4 b6 24. Rd2 Bd5 25. Bxd5 Nxd5 26. Nf3 f6 27. Re1
Red8 28. Nh4 Kf7 29. Nf5 Rc3 30. Rde2 Rd7 31. Kh2 h5 32. h4 g6 33. Ng3 Rd3 34.
Rf2 Rxd4 35. Ne4 Kg7 36. g3 Re7 37. Rfe2 Nb4 38. Nc3 Rxe2+ 39. Rxe2 Kf7 40. Kg2
Nc6 41. Nb5 Rd7 42. Rc2 Nb4 43. Re2 Nd5 44. Na3 Nc3 45. Rc2 Ne4 46. Re2 f5 47.
Nc4 Kf6 48. Kf3 Rd3+ 49. Re3 Rd1 50. Re2 b5 51. Ne3 Rg1 52. Rg2 Ra1 53. Nd5+
Ke5 54. Nf4 Rf1+ 55. Ke2 Nxg3+ 56. Rxg3 Rxf4 57. Rxg6 Rxh4 58. Ra6 Ke4 59. Rxa7
Rh2+ 60. Ke1 f4 0-1

[Event "XXI Dobczyce"]
[Site "Dobczyce "]
[Date "2013.??.??"]
[Round "4.1"]
[White "Slabek, Grzegorz"]
[Black "Barski, Radoslaw"]
[Result "0-1"]
[WhiteElo "2056"]
[BlackElo "2247"]
[PlyCount "60"]
[EventDate "2013.??.??"]

1. b4 d5 2. Bb2 Qd6 3. a3 e5 4. Nf3 f6 5. e3 Be6 6. d4 e4 7. Nfd2 f5 8. c4 c6
9. Nc3 Nf6 10. Qb3 Be7 11. b5 O-O 12. a4 Qd7 13. Ba3 Bxa3 14. Qxa3 f4 15. bxc6
Nxc6 16. cxd5 fxe3 17. fxe3 Nxd5 18. Nxd5 Bxd5 19. Qc5 Kh8 20. Bc4 Bxc4 21.
Qxc4 Qg4 22. Qe2 Qh4+ 23. g3 Qe7 24. Rf1 Nb4 25. Kd1 Nd3 26. Qg2 Rxf1+ 27. Qxf1
Rf8 28. Qg2 Rf2 29. Rc1 Qd7 30. Qxe4 Qxa4+ 0-1

[Event "XXI Dobczyce"]
[Site "Dobczyce "]
[Date "2013.??.??"]
[Round "4.2"]
[White "Khamitskiy, Sergei"]
[Black "Sadzikowski, Marian"]
[Result "1-0"]
[WhiteElo "2278"]
[BlackElo "1868"]
[PlyCount "65"]
[EventDate "2013.??.??"]

1. d4 b6 2. c4 Bb7 3. Nc3 e6 4. Nf3 Nf6 5. g3 Be7 6. Bg2 O-O 7. O-O d5 8. Ne5
c6 9. e4 dxc4 10. Nxc4 Ba6 11. b3 b5 12. Ne5 b4 13. Ne2 Bxe2 14. Qxe2 Qxd4 15.
Bb2 Qb6 16. Rac1 c5 17. Nc4 Qa6 18. Bxf6 gxf6 19. e5 Nd7 20. Bxa8 Rxa8 21. exf6
Nxf6 22. Rcd1 Rd8 23. Rxd8+ Bxd8 24. f4 Be7 25. f5 Qc6 26. Re1 Qd5 27. fxe6
Qd4+ 28. Kf1 Ng4 29. exf7+ Kg7 30. h3 Qf6+ 31. Kg2 Qc6+ 32. Qe4 Ne5 33. Nxe5
1-0

[Event "XXI Dobczyce"]
[Site "Dobczyce "]
[Date "2013.??.??"]
[Round "4.3"]
[White "Watorek, Marcin"]
[Black "Bik, Maciej"]
[Result "1-0"]
[WhiteElo "2122"]
[BlackElo "1789"]
[PlyCount "83"]
[EventDate "2013.??.??"]

1. d4 d5 2. c4 e6 3. Nc3 c5 4. cxd5 exd5 5. Nf3 Nc6 6. g3 Be6 7. Bg2 Nf6 8. O-O
Be7 9. dxc5 Bxc5 10. Bg5 Be7 11. Nd4 Qd7 12. Nxe6 fxe6 13. Bh3 h6 14. Bxf6 Bxf6
15. e4 Bxc3 16. bxc3 O-O 17. exd5 Qxd5 18. Qxd5 exd5 19. Be6+ Kh8 20. Bxd5 Rac8
21. Rfe1 Rfd8 22. Be6 Rc7 23. Rad1 Rxd1 24. Rxd1 Re7 25. Bc8 Rc7 26. Bf5 g5 27.
Rd6 Ne5 28. Rxh6+ Kg8 29. Re6 Nf3+ 30. Kg2 Rxc3 31. Bg4 Nd4 32. Rg6+ Kf8 33.
Rxg5 Ra3 34. Rd5 Nc6 35. Rd2 b6 36. Be6 Nb4 37. f4 Rd3 38. Rxd3 Nxd3 39. f5 b5
40. Kf3 b4 41. Ke3 Nc5 42. Kd4 1-0

[Event "XXI Dobczyce"]
[Site "Dobczyce "]
[Date "2013.??.??"]
[Round "4.4"]
[White "Gromada, Andrzej"]
[Black "Zajac, Mateusz"]
[Result "1/2-1/2"]
[WhiteElo "1871"]
[BlackElo "2035"]
[PlyCount "88"]
[EventDate "2013.??.??"]

1. c4 Nf6 2. Nc3 e5 3. Nf3 Nc6 4. g3 Bb4 5. Nd5 a5 6. Bg2 O-O 7. O-O Bc5 8. e3
d6 9. d4 Ba7 10. h3 exd4 11. exd4 Nxd5 12. cxd5 Ne7 13. Ne1 Nf5 14. Nc2 Qf6 15.
Be3 Bd7 16. Qd3 Rae8 17. Rad1 Re7 18. Kh2 Rfe8 19. Qd2 Nxe3 20. fxe3 Qg6 21. e4
f5 22. Ne3 fxe4 23. Qxa5 Bb6 24. Qb4 Qh6 25. Rf4 g5 26. Nf5 Bxf5 27. Rxf5 e3
28. Re1 Qg6 29. g4 Qg7 30. Re2 h6 31. b3 Bxd4 32. Qxb7 Be5+ 33. Kg1 c5 34. Qb5
Bf4 35. Bf3 Qd4 36. Kg2 Kg7 37. Qa6 Rb8 38. Qc6 Qb4 39. Qa6 Qb5 40. Qxb5 Rxb5
41. Rc2 Ra7 42. Be2 Rb4 43. Bc4 Ra3 44. h4 Rb7 1/2-1/2

[Event "XXI Dobczyce"]
[Site "Dobczyce "]
[Date "2013.??.??"]
[Round "4.5"]
[White "Chmiel, Marcin"]
[Black "Norov, Artem"]
[Result "1-0"]
[WhiteElo "2008"]
[BlackElo "1724"]
[PlyCount "63"]
[EventDate "2013.??.??"]

1. Nf3 Nf6 2. c4 c6 3. d4 d5 4. Qc2 e6 5. g3 Nbd7 6. Bg2 Be7 7. O-O O-O 8. Nbd2
b6 9. e4 Bb7 10. e5 Ne8 11. cxd5 cxd5 12. Re1 g6 13. Nf1 Ng7 14. h4 b5 15. Bh6
Re8 16. Ne3 Qb6 17. Qd2 a5 18. a3 b4 19. Bf1 Ba6 20. Kg2 Rec8 21. Bxa6 Qxa6 22.
Rh1 bxa3 23. bxa3 Rab8 24. h5 Rb3 25. hxg6 fxg6 26. Bxg7 Rd3 27. Qe2 Kxg7 28.
Ne1 Rcc3 29. Rd1 Nxe5 30. dxe5 d4 31. Rxd3 Qb7+ 32. Qf3 1-0

[Event "XXI Dobczyce"]
[Site "Dobczyce "]
[Date "2013.??.??"]
[Round "5.1"]
[White "Barski, Radoslaw"]
[Black "Khamitskiy, Sergei"]
[Result "1-0"]
[WhiteElo "2247"]
[BlackElo "2278"]
[PlyCount "64"]
[EventDate "2013.??.??"]

1. e4 e6 2. d4 d5 3. Nd2 Nc6 4. Ngf3 Nf6 5. e5 Nd7 6. Be2 f6 7. exf6 Qxf6 8.
Nf1 Bd6 9. Ne3 b6 10. O-O Bb7 11. c3 Ne7 12. Ng4 Qf7 13. Ng5 Qg8 14. f4 h6 15.
Nf3 Nf6 16. Nge5 Ne4 17. Ba6 O-O-O 18. Qe2 Kb8 19. a4 Ba8 20. a5 g5 21. axb6
cxb6 22. Qb5 g4 23. Nd2 Nxd2 24. Bxd2 Bxe5 25. fxe5 Nf5 26. Rxf5 exf5 27. e6
Qxe6 28. Re1 Qd6 29. Qf1 Qg6 30. Bf4+ Rd6 31. Qe2 Bb7 32. Bxb7 Kxb7 1-0

[Event "XXI Dobczyce"]
[Site "Dobczyce "]
[Date "2013.??.??"]
[Round "5.2"]
[White "Chmiel, Marcin"]
[Black "Watorek, Marcin"]
[Result "1-0"]
[WhiteElo "2008"]
[BlackElo "2122"]
[PlyCount "120"]
[EventDate "2013.??.??"]

1. d4 Nf6 2. c4 e6 3. g3 c5 4. Nf3 cxd4 5. Nxd4 d5 6. Bg2 e5 7. Nf3 d4 8. O-O
Nc6 9. e3 Be7 10. exd4 exd4 11. b3 O-O 12. Bb2 Bc5 13. Ne1 Bg4 14. Bf3 Bxf3 15.
Qxf3 Ne5 16. Qxb7 Rb8 17. Qg2 Nxc4 18. Bc1 d3 19. Nd2 Nxd2 20. Bxd2 Re8 21. Rd1
Re2 22. Qf3 Ne4 23. Nxd3 Rxd2 24. Qxe4 Rxd1 25. Rxd1 Bb6 26. Re1 h6 27. Ne5 Qf6
28. Qf3 Qxf3 29. Nxf3 Rc8 30. Re2 f6 31. Kg2 Kf7 32. Ne1 Rc3 33. Rc2 Rxc2 34.
Nxc2 Ke6 35. f4 Kd5 36. Kf3 f5 37. Ne3+ Ke6 38. Ke2 g5 39. fxg5 hxg5 40. Kf3
Bc7 41. h4 gxh4 42. gxh4 Be5 43. Ng2 Kf6 44. Nf4 Bd6 45. Ne2 Be5 46. b4 Bd6 47.
a3 Ke5 48. Ke3 Kd5 49. Nd4 f4+ 50. Kd3 Bc7 51. a4 Bb6 52. Nf3 Ke6 53. Ke4 Be3
54. Ng5+ Kf6 55. Nh3 Bc1 56. a5 f3 57. Kxf3 Ke5 58. b5 Kd5 59. Nf4+ Kc4 60. Ke4
Bb2 1-0

[Event "XXI Dobczyce"]
[Site "Dobczyce "]
[Date "2013.??.??"]
[Round "5.3"]
[White "Kyc, Jerzy"]
[Black "Slabek, Grzegorz"]
[Result "1/2-1/2"]
[WhiteElo "1951"]
[BlackElo "2056"]
[PlyCount "49"]
[EventDate "2013.??.??"]

1. e4 d5 2. exd5 Qxd5 3. Nc3 Qd8 4. Bc4 Nf6 5. Nf3 Bf5 6. d4 e6 7. Bf4 Be7 8.
Qd2 O-O 9. O-O c6 10. a3 Nbd7 11. Rfe1 Nb6 12. Bd3 Bxd3 13. Qxd3 Nbd5 14. Nxd5
cxd5 15. Qb3 b6 16. c3 Ne4 17. Ne5 Bg5 18. Bxg5 Qxg5 19. Re2 Rac8 20. Rae1 Rc7
21. Nf3 Qf4 22. Ne5 Rfc8 23. f3 Nd6 24. g3 Qf6 25. Kg2 1/2-1/2

[Event "XXI Dobczyce"]
[Site "Dobczyce "]
[Date "2013.??.??"]
[Round "5.4"]
[White "Zajac, Mateusz"]
[Black "Popiol, Michal"]
[Result "1-0"]
[WhiteElo "2035"]
[BlackElo "1865"]
[PlyCount "57"]
[EventDate "2013.??.??"]

1. d4 Nf6 2. c4 g6 3. Nc3 Bg7 4. e4 d6 5. Nf3 O-O 6. Be2 e5 7. O-O Nc6 8. d5
Ne7 9. b4 Nh5 10. Re1 Nf4 11. Bf1 a5 12. bxa5 Rxa5 13. Nd2 h6 14. Nb3 Ra8 15.
c5 g5 16. Be3 f5 17. f3 g4 18. cxd6 cxd6 19. fxg4 fxe4 20. Nd2 Nfxd5 21. Bc4
Be6 22. Ndxe4 Nc7 23. Bxe6+ Nxe6 24. Nxd6 Nd4 25. Nce4 Qd7 26. Rb1 Nec6 27. a4
Na5 28. Nf5 Ra6 29. Nc5 1-0